header

Patterns of change, change of patterns : (Record no. 134911)

MARC details
000 -LEADER
fixed length control field 01666nam a22003731i 4500
001 - CONTROL NUMBER
control field ebr10782153
003 - CONTROL NUMBER IDENTIFIER
control field CaPaEBR
006 - FIXED-LENGTH DATA ELEMENTS--ADDITIONAL MATERIAL CHARACTERISTICS--GENERAL INFORMATION
fixed length control field m o d
007 - PHYSICAL DESCRIPTION FIXED FIELD--GENERAL INFORMATION
fixed length control field cr cn|||||||||
008 - FIXED-LENGTH DATA ELEMENTS--GENERAL INFORMATION
fixed length control field 921102s1991 gw a ob 001 0 eng d
020 ## - INTERNATIONAL STANDARD BOOK NUMBER
Cancelled/invalid ISBN 3110134055
International Standard Book Number 9783110871890 (e-book)
Cancelled/invalid ISBN 9783110134056
040 ## - CATALOGING SOURCE
Original cataloging agency CaPaEBR
Language of cataloging eng
Description conventions rda
-- pn
Transcribing agency CaPaEBR
035 ## - SYSTEM CONTROL NUMBER
System control number (OCoLC)868969793
050 14 - LIBRARY OF CONGRESS CALL NUMBER
Classification number P142
Item number .P38 1991eb
245 00 - TITLE STATEMENT
Title Patterns of change, change of patterns :
Remainder of title linguistic change and reconstruction methodology /
Statement of responsibility, etc edited by Philip Baldi.
264 #1 - PRODUCTION, PUBLICATION, DISTRIBUTION, MANUFACTURE, AND COPYRIGHT NOTICE
Place of production, publication, distribution, manufacture Berlin ;
-- New York :
Name of producer, publisher, distributor, manufacturer Mouton de Gruyter,
Date of production, publication, distribution, manufacture, or copyright notice 1991.
300 ## - PHYSICAL DESCRIPTION
Extent 1 online resource (356 pages) :
Other physical details illustrations
336 ## - CONTENT TYPE
Content type term text
Source rdacontent
337 ## - MEDIA TYPE
Media type term computer
Source rdamedia
338 ## - CARRIER TYPE
Carrier type term online resource
Source rdacarrier
504 ## - BIBLIOGRAPHY, ETC. NOTE
Bibliography, etc Includes bibliographical references and indexes.
588 ## - SOURCE OF DESCRIPTION NOTE
Source of description note Description based on print version record.
590 ## - LOCAL NOTE (RLIN)
Local note Electronic reproduction. Palo Alto, Calif. : ebrary, 2013. Available via World Wide Web. Access may be limited to ebrary affiliated libraries.
650 #0 - SUBJECT ADDED ENTRY--TOPICAL TERM
Topical term or geographic name as entry element Linguistic change.
Topical term or geographic name as entry element Reconstruction (Linguistics)
Topical term or geographic name as entry element Comparative linguistics.
655 #0 - INDEX TERM--GENRE/FORM
Genre/form data or focus term Electronic books.
700 1# - ADDED ENTRY--PERSONAL NAME
Personal name Baldi, Philip.
776 08 - ADDITIONAL PHYSICAL FORM ENTRY
Display text Print version:
Title Patterns of change, change of patterns : linguistic change and reconstruction methodology.
Place, publisher, and date of publication Berlin ; New York : Mouton de Gruyter, 1991
Physical description x, 343 pages : illustrations ; 23 cm.
International Standard Book Number 9783110134056
Record control number (DLC) 91034032
797 2# - LOCAL ADDED ENTRY--CORPORATE NAME (RLIN)
Corporate name or jurisdiction name as entry element ebrary.
856 40 - ELECTRONIC LOCATION AND ACCESS
Uniform Resource Identifier <a href="http://site.ebrary.com/lib/rucke/Doc?id=10782153">http://site.ebrary.com/lib/rucke/Doc?id=10782153</a>
Public note An electronic book accessible through the World Wide Web; click to view

No items available.

© 2026 Rongo University
Contact us: librarian | system librarian | Rongo university